000 01961cam a2200289 4500500
005 20260111092824.0
041 _afre
042 _adc
100 1 0 _aBetschart, Christof
_eauthor
245 0 0 _aLa responsabilité de la prière dans l’ecclésiologie d’Edith Stein
260 _c2016.
500 _a29
520 _aEdith Stein n’a pas écrit d’œuvre ecclésiologique à proprement parler, mais ses réflexions sur le rapport entre personne et communauté, ainsi que sur la responsabilité personnelle donnent une impulsion pour repenser la place de la prière dans la vie de l’Église. La reprise de trois textes steiniens ( Liberté et grâce de 1921, La prière de l’Église et le dernier chapitre d’ Être fini et être éternel de 1936) montre que les membres vivants du Corps mystique sont libres et responsables aussi par leur prière.
520 _aThe responsibility of prayer in the ecclesiology of Edith SteinEdith Stein did not write an ecclesiological work strictly speaking, but her reflections on the relation between person and community, as well as on personal responsibility, give a stimulus to rethink the place of prayer in the life of the Church. Taking up again three of Edith Stein’s texts ( Freedom and Grace in 1921, Prayer in the Church and the last chapter of Finite Being and Eternal Being in 1936) shows that the living members of the mystical Body are free and responsible by their prayer.
690 _acommunion des saints
690 _acorps mystique
690 _aEdith Stein (1891-1942)
690 _aéglise
690 _aprière
690 _achurch
690 _acommunion of saints
690 _aEdith Stein (1891-1942)
690 _amystical body
690 _aprayer
786 0 _nNouvelle revue théologique | 138 | 4 | 2016-09-08 | p. 585-602 | 0029-4845
856 4 1 _uhttps://shs.cairn.info/revue-nouvelle-revue-theologique-2016-4-page-585?lang=fr&redirect-ssocas=7080
999 _c1624490
_d1624490